000 00970cam a2200301 a 4500
999 _c24038
_d24038
001 1339332
005 20170127152710.0
008 820201s1981 nyua bc 000 0 ita
010 _a 79092904
020 _a0847803031 (pbk.)
040 _aDLC
_cDLC
_dDLC
041 0 _aitaeng
043 _ae-it---
050 0 0 _aNA1123
_b.A525A4 1981
100 1 _aAlbini, Franco.
245 1 0 _aFranco Albini, 1930-1970.
260 _aNew York :
_bRizzoli,
_c1981.
300 _a184 p. :
_bill. (some col.) ;
_c23 cm.
500 _aPart of the text also in English.
500 _aExhibition catalog.
504 _aIncludes bibliographical references.
600 1 0 _aAlbini, Franco
_vExhibitions.
650 0 _aArchitecture
_zItaly
_xHistory
_y20th century
_vExhibitions.
942 _2lcc
_cBOOKS
_hNA1123 .A525A4 1981